01010nam a2200277 a 450000100060000000300080000600500170001400800410003103500230007203500190009504000380011404100080015208200220016010000270018224500590020926000380026830000240030649000330033050000690036350400280043265100460046083000430050694200120054999900170056195201540057842258BD-RjUL20211209053520.0160611s1969 mou b 000 0 eng  a(OCoLC)ocm00033380 a(BD-RjUL)42376 aDLCcDLCdm.c.dZCUdBD-RjULbeng aeng a327.73bSMA 1969 1 aSmith, Gaddis.912995614aThe aims of American foreign policy / cGaddis Smith  aSt. Louis :bMcGraw-Hill, c1969 ax, 117 p. ;c23 cm.1 aGrass roots guidebook series aPart 2 (p. 62-117) contains a selection of historical documents. aBibliography: p. 59-60. 0aUnited StatesxForeign relations.9129957 0aGrass roots guidebooks series.9129958 2ddccBK c42258d42258 00102ddc40708NFICaRUCLbRUCLcStackd1974-07-02eEuro Bangladesh New Agencyg27.50l0o327.73 SMA 1969r2016-06-11 00:00:00tC-2w2016-06-11yBK